Předoperační vyšetření hemostázy

Bibliographic Details
Main Authors: Hudeček, Jan, 1953- (Author), Staško, Ján, 1956- (Author), Kubisz, Peter, 1942-2022 (Author)
Format: Article
Language:Slovak
Czech
PhysicalDescription:Obr., tab.
ISSN:1335-8359
Subjects:

MARC

LEADER 00000nab a2200000 a 4500
001 vtls000856487
003 SK-MaSNL
005 20260501054906.0
008 250429c2003 xo 0 slo
015 |a SNBRB2003/12-37461 
035 |a CLN000208142 
035 |a urn:nbn:sk:snk-ab3258 
035 |a (urnnbn)urn:nbn:sk:snk:ar-a05jjc 
035 |a (uuid)6a504582-01f9-4b72-8ba9-8e33612c6c05 
040 |a SNKBUCL  |b slo  |c SNKBUCL  |e AACR2 
041 0 |a cze 
044 |a xo  |c SK 
080 |a 616-005.1:616-089.163  |2 1997 
100 1 |a Hudeček, Jan,  |d 1953-  |4 aut  |9 200656 
245 1 0 |a Předoperační vyšetření hemostázy  |c Jan Hudeček, Ján Staško, Peter Kubisz 
246 1 1 |a <<The>> preoperative examination of haemostasis 
300 |b Obr., tab. 
504 |a Res. angl., čes. 
504 |a Bibliogr. odkazy 
650 0 7 |a výkony chirurgické operačné  |2 MESH  |9 858643 
650 0 7 |a hemorágia  |x prevencia a kontrola  |2 MESH  |9 1255563 
650 0 7 |a trombofília  |2 MESH  |9 13747 
650 0 7 |a diagnóza  |2 MESH  |9 2604 
650 0 7 |a faktory rizikové  |2 MESH  |9 838956 
650 0 7 |a komplikácie  |2 snkbucl  |9 856653 
655 7 |a články z novín a časopisov  |2 snkbucl  |9 267496 
700 1 |a Staško, Ján,  |d 1956-  |4 aut  |9 189100 
700 1 |a Kubisz, Peter,  |d 1942-2022  |4 aut  |9 192814 
773 0 |t Interná medicína  |g Roč. 3, č. 7-8 (2003), s. 437-442  |x 1335-8359 
850 |a Slovenská národná knižnica 
852 |a Slovenská národná knižnica 
954 |a odborná, vedecká literatúra cudzojazyčná (svetová)  |2 lita 
958 |a article2022 
958 |a MI 
958 |a NB 
958 |a OND 
958 |a EUIPO 
999 |c 2897913  |d 2899843